000 00195nam a22000977a 4500
999 _c16242
_d16242
003 OSt
008 200625b ||||| |||| 00| 0 eng d
100 _aM.T
_94641
245 _aAsuravith
942 _cBK